[Event "Masters"]
[Site "Victoria AUS"]
[Date "2004.04.24"]
[Round "2"]
[White "Wang,Pu"]
[Black "Canfell,G"]
[Result "1-0"]
[WhiteElo "2246"]
[BlackElo "2329"]

1.d4 Nf6 2.Bg5 Ne4 3.Bf4 d5 4.f3 Nf6 5.e4 e6 6.e5 Nfd7 7.c3 c5 8.Be3 Nc6
9.f4 Qb6 10.Qd2 a5 11.a4 Qb3 12.Nf3 cxd4 13.Nxd4 Nxd4 14.Bxd4 b6 15.Qc1  1-0

[Event "6th Open"]
[Site "Dubai UAE"]
[Date "2004.04.25"]
[Round "7"]
[White "Carlsen,M"]
[Black "Ganguly,S"]
[Result "1-0"]
[WhiteElo "2552"]
[BlackElo "2582"]

1.d4 Nf6 2.Bg5 Ne4 3.Bf4 c5 4.f3 Nf6 5.dxc5 b6 6.Nc3 bxc5 7.e4 d6 8.e5 dxe5
9.Qxd8+ Kxd8 10.O-O-O+ Nbd7 11.Bxe5 Bb7 12.Nh3 Kc8 13.Bg3 h6 14.Bc4 e6 15.Nf4 Be7
16.Nb5 g5 17.Nd3 Bd5 18.Bxd5 Nxd5 19.Rhe1 a6 20.Nd6+ Bxd6 21.Bxd6 c4 22.Ne5 Nxe5
23.Bxe5 Rd8 24.Re4 Nb6 25.Rxd8+ Kxd8 26.Bg7 Ke7 27.Bxh6 f6 28.h4 gxh4 29.Rxh4 Rh8
30.Bg5 Rg8 31.Be3 Nd5 32.Bc5+ Kd7 33.Rxc4 Rxg2 34.Rg4 Rh2 35.c4 Nc7 36.Rd4+ Kc6
37.Bb4 Rf2 38.Rd6+ Kb7 39.Ba5 Rf1+ 40.Kd2 Rf2+ 41.Ke3 Rc2 42.Kd3 Rc1 43.Ke4  1-0

[Event "7th St Quentin Open"]
[Site "Elancourt FRA"]
[Date "2004.04.25"]
[Round "9"]
[White "Legky,N"]
[Black "Hajenius,W"]
[Result "1-0"]
[WhiteElo "2460"]
[BlackElo "2023"]

1.d4 Nf6 2.Bg5 Ne4 3.Bf4 d6 4.f3 e5 5.dxe5 Nc5 6.Nc3 Nc6 7.exd6 cxd6 8.e4 a6
9.Nge2 Be6 10.Nd5 Rc8 11.Nec3 g5 12.Bg3 Bg7 13.Rb1 b5 14.Qd2 O-O 15.Bxd6 Qxd6
16.Nf6+ Bxf6 17.Qxd6 Nd4 18.Bd3 Rfd8 19.Qg3 b4 20.e5 Nxd3+ 21.cxd3 Nf5 22.Qg4 Nd4
23.Qh5 Bxe5 24.Qxg5+ Bg7 25.Ne2 Rd5 26.Qh4 Re5 27.O-O Nxe2+ 28.Kh1 Rd5 29.Qxb4 Bd4
30.g4 Rc2 31.Qa4 Rdc5 32.Rbe1 Bxb2 33.Rf2 Nd4 34.Rxc2 Rxc2 35.Re4 Rc1+ 36.Kg2 Nc6
37.Re2 Bf6 38.Rc2 Rxc2+ 39.Qxc2 Nb4 40.Qd2 Nxa2 41.d4 a5 42.d5 Nb4 43.dxe6 fxe6
44.Qd7 e5 45.g5 Bxg5 46.Qg4  1-0

[Event "Bundesliga 2003-4"]
[Site "Kreuzberg GER"]
[Date "2004.04.25"]
[Round "15"]
[White "Haubt,G"]
[Black "Loeffler,S"]
[Result "0-1"]
[WhiteElo "2270"]
[BlackElo "2413"]

1.d4 Nf6 2.Bg5 Ne4 3.Bf4 d5 4.f3 Nf6 5.Nc3 Bf5 6.Bg5 Bg6 7.e4 dxe4 8.Bxf6 exf6
9.Nxe4 Be7 10.Bc4 O-O 11.Ne2 Nd7 12.Bb3 c5 13.d5 Bxe4 14.fxe4 Bd6 15.c4 Re8
16.Bc2 f5 17.O-O fxe4 18.Qe1 Qg5 19.Ba4 Rad8 20.Qf2 Re7 21.Bxd7 Rdxd7 22.Rae1 g6
23.Kh1 e3 24.Qg1 Re4 25.b3 Bxh2 26.Qxh2 Rh4 27.Nf4 Rxh2+ 28.Kxh2 Re7 29.Re2 Re4
30.g3 Rxf4  0-1

[Event "TCh-RUS 1st Liga"]
[Site "Sochi RUS"]
[Date "2004.04.28"]
[Round "9"]
[White "Moiseenko,A"]
[Black "Sokolov,D"]
[Result "1-0"]
[WhiteElo "2631"]
[BlackElo "2409"]

1.d4 Nf6 2.Bg5 Ne4 3.Bf4 c5 4.f3 Nf6 5.dxc5 Qa5+ 6.Nc3 e6 7.Bd6 Nd5 8.Qd2 Nxc3
9.e4 Na6 10.Bxa6 Qxa6 11.Qxc3 Bxd6 12.Qxg7 Rf8 13.cxd6 Qxd6 14.Ne2 b6 15.Qd4 Qxd4
16.Nxd4 Rg8 17.Kf2 Bb7 18.Rad1 Rc8 19.Rd2 a6 20.Rhd1 f6 21.c3 Rg7 22.g4 Ba8
23.Nc2 Kd8 24.Nb4 Bb7 25.Nd3 Kc7 26.Nf4 Bc6 27.h4 Rf8 28.Rg1 Rff7 29.Ke3 Rg8
30.Rdg2 Rgf8 31.Ne2 Bb7 32.Nd4 h6 33.g5 fxg5 34.hxg5 hxg5 35.Rxg5 Rh8 36.Rg7 Rf6
37.Re7 Bc8 38.Rgg7 Rhh6 39.a4 Rfg6 40.b4 Rxg7 41.Rxg7 Bb7 42.Kf4 Rh1 43.Nxe6+ Kd6
44.Nd4  1-0

[Event "Mitropa Cup"]
[Site "Zemplinska Sirava SVK"]
[Date "2004.05.05"]
[Round "8"]
[White "Prie,E"]
[Black "Nemet,I"]
[Result "1-0"]
[WhiteElo "2427"]
[BlackElo "2361"]

1.d4 Nf6 2.Bg5 Ne4 3.Bf4 d5 4.e3 e6 5.Bd3 Bd6 6.Bxe4 dxe4 7.Nc3 Bxf4 8.exf4 Nc6
9.Nge2 f5 10.Qd2 a5 11.O-O-O O-O 12.d5 exd5 13.Qxd5+ Qxd5 14.Nxd5 Rf7 15.Ne3 Be6
16.Nd4 Nd8 17.Rd2 g6 18.Rhd1 Rf8 19.g3 Bf7 20.a4 c6 21.b3 Re8 22.g4 fxg4
23.Nxg4 Kg7 24.f5 h5 25.fxg6 Kxg6 26.Ne3 Kf6 27.Rf1 Ne6 28.f3 Nxd4 29.fxe4+ Ke5
30.Rxf7 b5 31.axb5 cxb5 32.Nf5 Nf3 33.Rd5+ Kxe4 34.Rxb5 Ra6 35.Ng3+  1-0

[Event "CXSP Open"]
[Site "Sao Paulo BRA"]
[Date "2004.05.10"]
[Round "5"]
[White "Marra,E"]
[Black "Crosa,M"]
[Result "0-1"]
[WhiteElo "2175"]
[BlackElo "2395"]

1.d4 Nf6 2.Bg5 Ne4 3.Bf4 d5 4.f3 Nf6 5.e4 e6 6.e5 Nfd7 7.Be3 c5 8.c3 Nc6
9.f4 Qb6 10.Qd2 Be7 11.Nf3 O-O 12.Bd3 f5 13.O-O a5 14.h3 c4 15.Be2 Nd8 16.g4 Nb8
17.Kh2 Bd7 18.Na3 Be8 19.Rab1 Qc7 20.Nc2 b5 21.Bf2 Bg6 22.Bh4 Nbc6 23.Bxe7 Qxe7
24.g5 Nf7 25.Nh4 Rfb8 26.b3 Nfd8 27.a3 Rb7 28.Nxg6 hxg6 29.b4 axb4 30.axb4 Rba7
31.h4 Ra2 32.h5 gxh5 33.Bxh5 Nb8 34.Kg3 Nd7 35.Ra1 Nf8 36.Rxa2 Rxa2 37.Ra1 Rxa1
38.Nxa1 Qa7 39.Qb2 Qa4 40.Be8 Qd1 41.Bxb5 Qg1+ 42.Kf3 Ng6 43.Qa3 Nxf4 44.Qa2 Nd3
45.Qd2 Qg4+  0-1

[Event "Summer I"]
[Site "Alushta UKR"]
[Date "2004.05.15"]
[Round "4"]
[White "Kalygin,S"]
[Black "Shtyrenkov,V"]
[Result "1-0"]
[WhiteElo "2436"]
[BlackElo "2449"]

1.d4 Nf6 2.Bg5 Ne4 3.h4 Nxg5 4.hxg5 e5 5.g6 fxg6 6.dxe5 Bb4+ 7.c3 Bc5 8.e3 Nc6
9.Nf3 d5 10.Bd3 O-O 11.Nbd2 Qe7 12.b4 Bb6 13.Qb3 Be6 14.O-O-O a5 15.b5 a4
16.Qc2 Qa3+ 17.Kb1 Ne7 18.Ng5 Bf5 19.Rxh7 Bxd3 20.Qxd3 Rf5 21.Ndf3 Ra5 22.Rdh1 Kf8
23.Rh8+ Ng8 24.Rxg8+  1-0

[Event "29th Elekes Mem IM"]
[Site "Budapest HUN"]
[Date "2004.05.17"]
[Round "3"]
[White "Bulthaupt,F"]
[Black "Simonsen,H"]
[Result "1/2-1/2"]
[WhiteElo "2210"]
[BlackElo "2243"]

1.d4 Nf6 2.Bg5 Ne4 3.Bf4 d5 4.e3 Bf5 5.Bd3 e6 6.Nf3 Nd7 7.Nbd2 Be7 8.Qe2 g5
9.Bg3 h5 10.h4 Nxg3 11.fxg3 Bxd3 12.Qxd3 g4 13.Ng1 c5 14.c3 Qc7  1/2-1/2

[Event "22nd LIE-Open"]
[Site "Triesen LIE"]
[Date "2004.05.17"]
[Round "4"]
[White "Sucher,J"]
[Black "Vachtfeidl,P"]
[Result "1-0"]
[WhiteElo "2197"]
[BlackElo "2080"]

1.d4 Nf6 2.Bg5 Ne4 3.Bh4 c5 4.f3 Qa5+ 5.c3 Nf6 6.d5 Qb6 7.Qd2 Nxd5 8.Qxd5 Qxb2
9.Qb3 Qxa1 10.e4 Nc6 11.Nh3 d5 12.Bb5 c4 13.Qc2 g6 14.O-O Bg7 15.exd5 a6
16.Qa4 O-O 17.dxc6 Bxh3 18.cxb7 Rab8 19.Bxa6 Bf5 20.Bxe7 Bxb1 21.Bxf8 Bxf8
22.Qb5 Qxc3 23.Qxb1 Qe3+ 24.Kh1 c3 25.Qd3 Qa7 26.a4 c2 27.Rc1 Re8 28.Bb5 Bh6
29.Bxe8 Bxc1 30.Qxc2 Bf4 31.Bc6 Qa6 32.Bb5 Qxb7 33.Qc4 Qb8 34.g3  1-0

[Event "Capablanca Mem Mixto"]
[Site "Havana CUB"]
[Date "2004.05.18"]
[Round "12"]
[White "Groffen,H"]
[Black "Arribas,M"]
[Result "1/2-1/2"]
[WhiteElo "2207"]
[BlackElo "2327"]

1.d4 Nf6 2.Bg5 Ne4 3.Bf4 c5 4.f3 Nf6 5.dxc5 Qa5+ 6.Nc3 Qxc5 7.e4 d6 8.Qd2 Be6
9.O-O-O Nbd7 10.g4 Nb6 11.Bb5+ Nfd7 12.Be3 Qc7 13.Nd5  1/2-1/2

[Event "102nd NY Masters"]
[Site "New York USA"]
[Date "2004.05.18"]
[Round "2"]
[White "Hoffmann,As"]
[Black "Becerra Rivero,J"]
[Result "1-0"]
[WhiteElo "2290"]
[BlackElo "2547"]

1.d4 Nf6 2.Bg5 Ne4 3.Bf4 c5 4.f3 Qa5+ 5.c3 Nf6 6.Nd2 cxd4 7.Nb3 Qd8 8.cxd4 d5
9.Bg3 Nc6 10.e3 e6 11.Ne2 Bd6 12.Rc1 O-O 13.Bxd6 Qxd6 14.f4 Ne4 15.Nc3 f5
16.Bd3 Nf6 17.O-O Kh8 18.a3 Rg8 19.Qe1 Bd7 20.Qh4 Raf8 21.h3 Ne7 22.Be2 Qb6
23.Nc5 Ng6 24.Qe1 Qxb2 25.Rb1 Qxa3 26.Rxb7 Bc8 27.Rb1 Ne4 28.N3xe4 fxe4 29.Qd2 Nh4
30.Ra1 Qxa1 31.Rxa1 g5 32.Qe1 Rg7 33.Kh2 Rfg8 34.fxg5 Nf5 35.Bg4 Rxg5 36.Rb1 h5
37.Bxf5 Rxg2+ 38.Kh1 exf5 39.Qh4 R2g5 40.Qf4 Kh7 41.Rf1 R8g7 42.Rf2 Rg3 43.Kh2 a5
44.Qxg3  1-0

[Event "29th Elekes Mem GM"]
[Site "Budapest HUN"]
[Date "2004.05.21"]
[Round "7"]
[White "Galyas,M"]
[Black "Poulsen,Ma"]
[Result "1-0"]
[WhiteElo "2441"]
[BlackElo "2290"]

1.d4 Nf6 2.Bg5 Ne4 3.Bf4 d5 4.f3 Nf6 5.e4 dxe4 6.Nc3 exf3 7.Nxf3 Bg4 8.h3 Bh5
9.g4 Bg6 10.Bg2 e6 11.Ne5 c6 12.h4 Nd5 13.Nxd5 cxd5 14.Qe2 Nc6 15.Nxc6 bxc6
16.h5 Be4 17.Bxe4 dxe4 18.O-O-O Rc8 19.h6 g5 20.Be5 Rg8 21.Kb1 Rg6 22.Qxe4 Qd5
23.Qd3 Bxh6 24.c4 Qd7 25.Rdf1 Qe7 26.Qf3 Rd8 27.Qxc6+ Kf8 28.Qf3 Kg8 29.Bf6 Rxf6
30.Qxf6 Qxf6 31.Rxf6 Bg7 32.Rf2 Rxd4 33.c5 Rxg4 34.c6 Rc4 35.Rc2 Rxc2 36.Kxc2 Be5
37.Kd3 Kg7 38.Ke4 Bf4 39.Rc1 f5+ 40.Kf3 h5 41.c7 Bxc7 42.Rxc7+ Kf6 43.Rxa7 h4
44.b4 g4+ 45.Kg2 f4 46.b5 f3+ 47.Kf2 e5 48.b6 e4 49.b7 g3+ 50.Kf1 g2+ 51.Kg1 h3
52.b8=Q f2+ 53.Kxf2 e3+ 54.Kg1 h2+ 55.Qxh2  1-0

[Event "XII Guillermo Garcia Prem I"]
[Site "Santa Clara CUB"]
[Date "2004.05.21"]
[Round "1"]
[White "Bruzon,L"]
[Black "Flores,Di"]
[Result "1-0"]
[WhiteElo "2602"]
[BlackElo "2448"]

1.d4 Nf6 2.Bg5 Ne4 3.Bf4 c5 4.f3 Qa5+ 5.c3 Nf6 6.Nd2 cxd4 7.Nb3 Qb6 8.Qxd4 Nc6
9.Qxb6 axb6 10.Nd4 e5 11.Nxc6 exf4 12.Nd4 Bc5 13.Nh3 Nd5 14.e4 fxe3 15.Bc4 Nc7
16.Nf4 O-O 17.O-O-O d5 18.Nxd5 Nxd5 19.Bxd5 Rd8 20.Ne2 Bf5 21.Rhe1 Rxd5 22.Rxd5 Rxa2
23.Kd1 Rxb2 24.Rxf5 Ba3 25.Rg1 g6 26.Re5 Rd2+ 27.Ke1 Bc5 28.Nd4 Rd3 29.Ke2 Rxc3
30.Rd1  1-0

[Event "5th IECC"]
[Site "Antalya TUR"]
[Date "2004.05.27"]
[Round "11"]
[White "Thorfinnsson,Bj"]
[Black "Bakalarz,M"]
[Result "0-1"]
[WhiteElo "2345"]
[BlackElo "2333"]

1.d4 Nf6 2.Bg5 Ne4 3.Bf4 c5 4.f3 Nf6 5.c3 Qb6 6.Qd2 d5 7.e3 g6 8.Na3 a6 9.b4 cxb4
10.Qb2 Nc6 11.Nc2 Bf5 12.Nxb4 e5 13.dxe5 Nxb4 14.cxb4 Bxb4+ 15.Kd1 Rc8 16.exf6 Bc2+
17.Ke2 Qb5+ 18.Kf2 Be1+  0-1

[Event "Mitropa Cup"]
[Site "Zemplinska Sirava SVK"]
[Date "2004.05.30"]
[Round "2"]
[White "Wirig,A"]
[Black "Bindrich,F"]
[Result "0-1"]
[WhiteElo "2422"]
[BlackElo "2253"]

1.d4 Nf6 2.Bg5 Ne4 3.Bf4 c5 4.f3 Nf6 5.dxc5 e5 6.Bxe5 Bxc5 7.Bd6 Qb6 8.Bxc5 Qxc5
9.Nc3 O-O 10.Qd2 Nc6 11.O-O-O d5 12.e3 Re8 13.Nge2 Rxe3 14.Nd4 Re8 15.Bb5 Bd7
16.Bxc6 Bxc6 17.Qg5 h6 18.Qg3 Bd7 19.Nb3 Qe3+ 20.Kb1 Qe5 21.Qf2 Bc6 22.Nd4 Bd7
23.g4 Qf4 24.Qg3 Qxg3 25.hxg3 Re3 26.Kc1 Rae8 27.Kd2 Kf8 28.g5 hxg5 29.Rh8+ Ng8
30.Ne4 R3xe4 31.fxe4 Rxe4 32.c3 g6 33.Re1 Rg4 34.Re3 Kg7 35.Rh2 Nf6 36.Kd3 Ne4
37.Ne2 Bf5 38.Kd4 Nf6+ 39.Ke5 Ra4 40.Kd6 Ng4 41.Nd4 Nxe3 42.b3 Ra6+ 43.Kc7 Rb6
44.a4 Nd1 45.a5 Rf6 46.Kxb7 a6 47.c4 dxc4 48.bxc4 Ne3 49.c5 Be4+ 50.Kb8 Nf5
51.Rd2 Nxg3 52.Nb5 axb5 53.Rd6 Bf5  0-1

[Event "3rd ACP Blitz Prelim1"]
[Site "playchess.com INT"]
[Date "2004.05.31"]
[Round "2"]
[White "Agababean,N"]
[Black "Golubev,M"]
[Result "0-1"]
[WhiteElo "2216"]
[BlackElo "2532"]

1.d4 Nf6 2.Bg5 Ne4 3.Bf4 c5 4.f3 Qa5+ 5.c3 Nf6 6.d5 Qb6 7.Bc1 e6 8.e4 exd5
9.exd5 Bd6 10.Na3 O-O 11.Nc4 Re8+ 12.Be2 Qc7 13.Bg5 b5 14.Bxf6 bxc4 15.Bg5 Bxh2
16.Qd2 Bg3+ 17.Kd1 Bb7 18.Bxc4 Re1+ 19.Kc2 Rxa1 20.Qd3 g6 21.Bf6 Qf4 22.Ne2 Qxf6
23.Rxa1 Bc7 24.Rh1 Ba6 25.Bxa6 Nxa6 26.g4 Re8 27.g5 Qf5 28.Qxf5 gxf5 29.Kd3 c4+
30.Kd2 Nc5 31.Nd4 Re5 32.f4 Rxd5 33.Ke3 Ne6 34.Rh6 Bxf4+  0-1

[Event "3rd ACP Blitz Prelim4"]
[Site "playchess.com INT"]
[Date "2004.06.03"]
[Round "5"]
[White "Polaczek,R"]
[Black "Jakovenko,D"]
[Result "0-1"]
[WhiteElo "2426"]
[BlackElo "2582"]

1.d4 Nf6 2.Bg5 Ne4 3.Bf4 c5 4.f3 Qa5+ 5.c3 Nf6 6.Nd2 cxd4 7.Nb3 Qb6 8.Qxd4 Qxd4
9.cxd4 d5 10.e3 e6 11.Ne2 Nc6 12.Nc3 Bb4 13.Rc1 Ke7 14.a3 Bxc3+ 15.Rxc3 a6
16.Bd3 h6 17.h3 Bd7 18.Kf2 Rhc8 19.g4 b6 20.h4 a5 21.Rhc1 Ne8 22.Bb5 Nd8
23.Rxc8 Rxc8 24.Rxc8 Bxc8 25.Bxe8 Kxe8 26.Bc7 a4 27.Nc1 b5 28.Bxd8 Kxd8 29.Nd3 g5
30.hxg5 hxg5 31.Kg3 Ke7 32.f4 f6 33.Ne1 Kf7  0-1

[Event "Rapid KO"]
[Site "Leon ESP"]
[Date "2004.06.04"]
[Round "3"]
[White "Vallejo Pons,F"]
[Black "Svidler,P"]
[Result "0-1"]
[WhiteElo "2666"]
[BlackElo "2733"]

1.d4 Nf6 2.Bg5 Ne4 3.Bf4 c5 4.d5 Qb6 5.Bc1 e6 6.f3 Qa5+ 7.c3 Nf6 8.e4 d6
9.Bg5 Be7 10.Bc4 b5 11.Be2 O-O 12.Na3 a6 13.dxe6 Bxe6 14.Nh3 Bxh3 15.gxh3 Nc6
16.Rg1 Rfe8 17.Bxf6 Bxf6 18.Qxd6 Re6 19.Qg3 Bxc3+  0-1

[Event "8th Open"]
[Site "Voronezh RUS"]
[Date "2004.06.16"]
[Round "5"]
[White "Hasanova,E"]
[Black "Shishkin,Alex"]
[Result "1-0"]
[WhiteElo "2236"]
[BlackElo "2119"]

1.d4 Nf6 2.Bg5 Ne4 3.Bh4 d5 4.Nd2 Nxd2 5.Qxd2 Qd7 6.Nf3 f6 7.e3 e6 8.Bd3 Qf7
9.e4 Nc6 10.c3 Bd7 11.a4 a5 12.Bg3 Rc8 13.Qc2 g6 14.h4 Bg7 15.O-O-O Bh6+
16.Kb1 O-O 17.Rde1 Ne7 18.h5 g5 19.exd5 Nxd5 20.Nh2 f5 21.Be5 Rfd8 22.Qb3 Bf8
23.g4 h6 24.f4 Nxf4 25.Bxf4 gxf4 26.gxf5 Re8 27.Rhg1+ Kh8 28.Rg6 Qe7 29.Reg1 Qf7
30.Re1 Qe7 31.fxe6 Bc6 32.Reg1  1-0

[Event "National Open"]
[Site "Las Vegas USA"]
[Date "2004.06.19"]
[Round "3"]
[White "Golod,V"]
[Black "Adamson,R"]
[Result "1-0"]
[WhiteElo "2552"]
[BlackElo "2375"]

1.d4 Nf6 2.Bg5 Ne4 3.Bf4 c5 4.d5 e6 5.f3 Nf6 6.c4 Nh5 7.Be3 d6 8.Nc3 e5 9.Bf2 Be7
10.e4 O-O 11.Nge2 g6 12.g4 Ng7 13.h4 Na6 14.Qd2 Nc7 15.h5 Bg5 16.Be3 Bxe3
17.Qxe3 g5 18.a3 h6 19.b4 b6 20.Ng3 Bd7 21.Rb1 Qe7 22.Rh2 Rfb8 23.Rhb2 Na6
24.Bd3 Kf8 25.Nf1 Qd8 26.Bc2 Ke7 27.Qe2 Rc8 28.Ba4 Bxa4 29.Nxa4 Qd7 30.Nc3 Rab8
31.Ne3 Rb7 32.Qd3 Rcb8 33.Nb5 Kf8 34.Qd1 Ke7 35.Qc2 f6 36.Kd1 Kd8 37.Kc1 Ke7
38.Qb3 Rc8 39.Rc2 Kd8 40.Kb2 Ke7 41.Ka2 Kd8 42.Nd1 Ne8 43.Ka1 Nac7 44.Nbc3 Na6
45.Ne3 Ng7 46.Rcb2 Rcb8 47.Ra2 Rc8 48.Qd1 Rbb8 49.Qd3 Rb7 50.Ne2 Kc7 51.Ng3 Kb8
52.Qe2 Ka8 53.Nh1 Rbc7 54.Nf2 Rb7 55.Nd3 Rbc7 56.Qd1 Rb7 57.Qd2 Rbc7 58.b5 Nb8
59.a4 Qd8 60.a5 Nd7 61.axb6 Nxb6 62.Ra6 Rb7 63.Nc1 Rcb8 64.Nb3 Nxc4 65.Nxc4 Rxb5
66.Rxa7+ Kxa7 67.Qa2+ Kb7 68.Nxc5+  1-0

[Event "XVIII Open"]
[Site "Pula CRO"]
[Date "2004.06.21"]
[Round "2"]
[White "Cebalo,M"]
[Black "Bajramovic,H"]
[Result "1-0"]
[WhiteElo "2482"]
[BlackElo "2250"]

1.d4 Nf6 2.Bg5 Ne4 3.Bf4 d5 4.e3 e6 5.Bd3 Bd6 6.Bg3 f5 7.Ne2 Nd7 8.c4 Ndf6
9.Bxd6 Qxd6 10.c5 Qe7 11.f3 Ng5 12.Nbc3 Nf7 13.Qc2 O-O 14.O-O c6 15.Rae1 Nh6
16.e4 fxe4 17.fxe4 e5 18.b4 Nhg4 19.exd5 Ne3 20.Qb3 cxd5 21.Rf3 Neg4 22.h3 exd4
23.Nxd5 Nxd5 24.Qxd5+ Be6 25.Qe4 Rxf3 26.Qxf3 Qh4 27.Rf1 Ne3 28.Qxb7 Rd8
29.Rf2 Nd1 30.Rf4 Qh6 31.Qe7 Rb8 32.c6 Nc3 33.c7  1-0

[Event "XVIII Open"]
[Site "Pula CRO"]
[Date "2004.06.23"]
[Round "6"]
[White "Cebalo,M"]
[Black "Kurajica,B"]
[Result "1-0"]
[WhiteElo "2482"]
[BlackElo "2540"]

1.d4 Nf6 2.Bg5 Ne4 3.Bf4 d5 4.e3 c6 5.Bd3 Qb6 6.Qc1 c5 7.c4 Qa5+ 8.Ke2 cxd4
9.cxd5 Nc5 10.Qc4 Bg4+ 11.f3 Nxd3 12.Qxd3 Bd7 13.Qxd4 Na6 14.Nc3 Nb4 15.Rd1 Nxa2
16.Nxa2 Qxa2 17.Kf2 Rg8 18.Ne2 g5 19.Be5 f6 20.Bc7 Bg7 21.Ra1 Qb3 22.Rhc1 Rc8
23.Ra3 Qb5 24.Rc5 f5 25.Rxb5 Bxd4 26.Rxb7 Bxb2 27.Raxa7 Bf6 28.Bb6  1-0

[Event "XVIII Open"]
[Site "Pula CRO"]
[Date "2004.06.24"]
[Round "7"]
[White "Rukavina,J"]
[Black "Pancevski,F"]
[Result "0-1"]
[WhiteElo "2416"]
[BlackElo "2311"]

1.d4 Nf6 2.Bg5 Ne4 3.Bf4 c5 4.f3 Qa5+ 5.c3 Nf6 6.Nd2 cxd4 7.Nb3 Qf5 8.Bxb8 Rxb8
9.Qxd4 b6 10.e4 Qf4 11.Nh3 Qc7 12.e5 Ng8 13.Nf2 f6 14.f4 g6 15.Bc4 fxe5 16.fxe5 Bg7
17.Bxg8 Rxg8 18.Nd3 Ba6 19.O-O-O Bh6+ 20.Nf4 Be2 21.Rd2 Bg4 22.Kb1 Qc6 23.Re1 a5
24.Qe3 Rf8 25.Rf2 g5 26.Nd3 Rxf2 27.Nxf2 Bf5+ 28.Ka1 Qxg2 29.Nd4 Bg6 30.h3 g4
31.Qe2 gxh3 32.e6 d6 33.Nf3 h2 34.Nh4 Qg5 35.Nxg6 Qxg6 36.Ng4 Bg7 37.Nxh2 b5
38.Nf3 b4 39.Rg1 Qf6 40.Ne5 dxe5 41.Qh5+ Kf8 42.Qxh7 bxc3 43.Qh3 cxb2+ 44.Kb1 Kg8  0-1

[Event "TCh-CRO"]
[Site "Rabac CRO"]
[Date "2004.06.25"]
[Round "7"]
[White "Cebalo,M"]
[Black "Brkic,A"]
[Result "1/2-1/2"]
[WhiteElo "2482"]
[BlackElo "2427"]

1.d4 Nf6 2.Bg5 Ne4 3.Bf4 c5 4.f3 Qa5+ 5.c3 Nf6 6.Nd2 cxd4 7.Nb3 Qb6 8.Qxd4 Nc6
9.Qxb6 axb6 10.Nd4 e5 11.Nxc6 exf4 12.Nd4 d5 13.g3 Bd6 14.Nb5 Be5 15.gxf4 Bxf4
16.e3 Be5 17.Bh3 Be6 18.Bxe6 fxe6 19.f4 Bb8 20.Nf3 O-O 21.Rg1 Re8 22.Nbd4 e5
23.fxe5 Bxe5 24.Nxe5 Rxe5 25.Nc2 Ra4 26.Rg2 Rh4 27.O-O-O Reh5 28.Rdd2 Kf7  1/2-1/2

[Event "Proclient Cup"]
[Site "Olomouc CZE"]
[Date "2004.07.04"]
[Round "1"]
[White "Savage,B"]
[Black "Sachdev,T"]
[Result "1/2-1/2"]
[WhiteElo "2204"]
[BlackElo "2240"]

1.d4 Nf6 2.Bg5 Ne4 3.Bf4 c5 4.f3 Qa5+ 5.c3 Nf6 6.Nd2 cxd4 7.Nb3 Qd8 8.cxd4 d5
9.e3 e6 10.g4 Bb4+ 11.Kf2 Nc6 12.Rc1 Bd7 13.Bd3 g5 14.Be5 h5 15.h4 hxg4 16.Bxf6 Qxf6
17.hxg5 Qg7 18.Rxh8+ Qxh8 19.f4 Qh2+ 20.Kf1 Qg3 21.Qe2 f5 22.Qf2 Qxf2+ 23.Kxf2 Ke7
24.a3 Bd6 25.Ne2 Rh8 26.Kg2 Nd8 27.Ng3 b6 28.Rh1 Rxh1 29.Nxh1 Bc7 30.Nf2 Nb7
31.Nd2 Nd6 32.Nd1 b5  1/2-1/2

[Event "19th North Sea Cup"]
[Site "Esbjerg DEN"]
[Date "2004.07.06"]
[Round "5"]
[White "Kragh,N"]
[Black "Christensen,C"]
[Result "1-0"]
[WhiteElo "2046"]
[BlackElo "2120"]

1.d4 Nf6 2.Bg5 Ne4 3.Bf4 g5 4.Be5 f6 5.e3 Bg7 6.Qh5+ Kf8 7.Bd3 d5 8.Bg3 Bf5
9.Qe2 Nd7 10.f3 Nxg3 11.hxg3 Bxd3 12.Qxd3 h6 13.c4 dxc4 14.Qxc4 Nb6 15.Qb3 Qd6
16.Ne2 c5 17.dxc5 Qxc5 18.Nd4 Qc4 19.Nd2 Qxb3 20.N2xb3 Kf7 21.O-O-O Rac8+
22.Kb1 e6 23.Nb5 Nc4 24.Rd7+ Kg6 25.Nd6 Nxd6 26.Rxd6 Rc6 27.Rhd1 Rhc8 28.Rd7 Rb6
29.R1d6 Rcc6 30.Rxc6 bxc6 31.Nc5 f5 32.b3 e5 33.Ne6 Bf6 34.Nf8+ Kh5 35.Rd1 g4
36.Rh1+ Kg5 37.f4+  1-0

[Event "IMB"]
[Site "Brno CZE"]
[Date "2004.07.07"]
[Round "5"]
[White "Savage,B"]
[Black "Schwarz,D"]
[Result "1-0"]
[WhiteElo "2204"]
[BlackElo "2269"]

1.d4 Nf6 2.Bg5 Ne4 3.Bf4 c5 4.f3 Nf6 5.dxc5 Qa5+ 6.Qd2 Qxc5 7.Nc3 d6 8.e4 Nc6
9.Bb5 a6 10.Be3 Qb4 11.a3 Qa5 12.Bc4 b5 13.Nd5 Qxd2+ 14.Kxd2 Nxd5 15.Bxd5 Bb7
16.Ne2 e6 17.Ba2 Be7 18.Rhd1 Ne5 19.Bd4 Rc8 20.c3 Nc4+ 21.Kc2 O-O 22.Rd3 f5
23.exf5 Rxf5 24.Ng3 Rf7 25.Re1 e5 26.Bg1 g6 27.Rdd1 h5 28.Nf1 Rd8 29.Nd2 Rc8
30.Nxc4 bxc4 31.b3 d5 32.bxc4 dxc4 33.Rxe5 Bxa3 34.Ra5 Bf8 35.Rd4 Re7 36.Bxc4+ Kh7
37.Bd3 Rec7 38.Rxh5+ Kg7 39.Rg4 Rxc3+ 40.Kd2 R3c6 41.Bd4+  1-0

[Event "FSGM July"]
[Site "Budapest HUN"]
[Date "2004.07.07"]
[Round "5"]
[White "Nguyen Ngoc Truongson"]
[Black "Predojevic,B"]
[Result "1/2-1/2"]
[WhiteElo "2431"]
[BlackElo "2490"]

1.d4 Nf6 2.Bg5 Ne4 3.Bf4 c5 4.f3 Qa5+ 5.c3 Nf6 6.Nd2 cxd4 7.Nb3 Qb6 8.Qxd4 Nc6
9.Qxb6 axb6 10.Be3 b5 11.Bd2 e5 12.e4 b4 13.Bb5 bxc3 14.Bxc3 Bb4 15.Ne2 Ke7
16.Kf2 Bxc3 17.Nxc3 d6 18.Nd2 Be6 19.Nc4 Nd4 20.Rhc1 Nd7 21.Ne3 Nb6 22.Bc4 Rac8
23.Bd5 Rb8 24.a4 Rhc8 25.a5 Nxd5 26.Ncxd5+ Kd8 27.b4 Rc6 28.Nb6 Nb3 29.Rxc6 bxc6
30.Ra3 Nd4 31.Rc3 Kc7 32.g4 g6 33.h4 h6 34.Rc1 Kb7 35.Nc2 Nb5 36.Ne3 Nd4
37.Nec4 Nb5 38.Ne3 Nd4 39.Nec4 Nb5 40.Nb2 Rg8 41.Rd1 Kc7 42.Rg1 Nd4 43.Nd3 f5
44.exf5 gxf5 45.g5 hxg5 46.hxg5 f4 47.Rd1 Rxg5 48.Nxf4 Bb3 49.Rh1 exf4 50.Rh7+ Kd8
51.Rd7+ Ke8 52.Rxd6 Bd5 53.Rf6 Rg3 54.Rxf4 Rxf3+ 55.Rxf3 Bxf3 56.a6 c5 57.bxc5 Bc6
58.a7 Nb3  1/2-1/2

[Event "Open"]
[Site "Olomouc CZE"]
[Date "2004.07.07"]
[Round "3"]
[White "Kireev,A"]
[Black "Rivero Ojeda,C"]
[Result "0-1"]
[WhiteElo "2358"]
[BlackElo "2244"]

1.d4 Nf6 2.Bg5 Ne4 3.Bh4 c5 4.f3 Qa5+ 5.c3 Nd6 6.dxc5 Qxc5 7.Bf2 Qa5 8.Nd2 Nc6
9.e4 g6 10.Ne2 Bh6 11.Nb3 Qd8 12.Ned4 Ne5 13.Nc2 O-O 14.Ne3 b6 15.h4 Bb7
16.h5 Bg7 17.f4 Nc6 18.Bd3 Na5 19.hxg6 fxg6 20.Nxa5 bxa5 21.Qb3+ e6 22.e5 Ne4
23.Qxb7 Nxf2 24.Kxf2 Rxf4+ 25.Kg1 Rb8 26.Qxa7 Bxe5 27.Nc4 Bc7 28.Qa6 Rb6
29.Qxa5 Rxb2 30.Qc5 d5 31.Qe3 Rxg2+ 32.Kxg2 Qg5+ 33.Qg3 Rg4 34.Qxg4 Qxg4+
35.Kf2 dxc4 36.Be2 Qg3+  0-1

[Event "GP CG de l'Heralt"]
[Site "Montpellier FRA"]
[Date "2004.07.08"]
[Round "4"]
[White "Prie,E"]
[Black "Bedouin,X"]
[Result "1/2-1/2"]
[WhiteElo "2441"]
[BlackElo "2290"]

1.d4 Nf6 2.Bg5 Ne4 3.Bf4 c5 4.f3 Qa5+ 5.c3 Nf6 6.Nd2 cxd4 7.Nb3 Qb6 8.Qxd4 Nc6
9.Qxb6 axb6 10.Nd4 e5 11.Nxc6 dxc6 12.Bxe5 Be6 13.a3 b5 14.Nh3 b4 15.cxb4 Bxb4+
16.Kf2 Bc5+ 17.e3 Nd5 18.Bd4 Bxd4 19.exd4 Bxh3 20.gxh3 Ra4 21.Rd1 Kd7 22.Bd3 Re8
23.Be4 Kd6 24.Rhe1 Re6 25.Bxd5 Kxd5 26.Re5+ Rxe5 27.dxe5+ Rd4 28.Rg1 Rd2+
29.Ke3 Rxb2 30.Rxg7 Kxe5 31.Rxf7 Rb3+ 32.Ke2 b5 33.f4+ Ke4 34.f5 Rxa3 35.f6 Re3+
36.Kd2 Rf3 37.Rf8 Ke5 38.f7 Ke6 39.Rc8 Rxf7 40.Rxc6+ Kd5 41.Rh6 Kc4 42.Kc2 Rf2+
43.Kc1 Kc3 44.Rc6+ Kb3 45.Rc7 b4 46.Rxh7 Rc2+ 47.Kd1 Kb2 48.h4 b3 49.h5 Rc4
50.h6 Rd4+ 51.Ke1 Kc2 52.Rc7+ Kb1 53.h7 Rh4 54.Rb7 b2 55.Kd1 Rxh2 56.Ra7 Rh5
57.Kd2 Rh3 58.Kd1 Rh2 59.Rb7 Ka2 60.Ra7+ Kb3 61.Rb7+ Kc3 62.Rc7+ Kd3  1/2-1/2

[Event "Proclient Cup"]
[Site "Olomouc CZE"]
[Date "2004.07.09"]
[Round "8"]
[White "Savage,B"]
[Black "Mankeyev,Raua"]
[Result "0-1"]
[WhiteElo "2204"]
[BlackElo "2258"]

1.d4 Nf6 2.Bg5 Ne4 3.Bf4 c5 4.f3 Qa5+ 5.c3 Nf6 6.Nd2 cxd4 7.Nb3 Qb6 8.Qxd4 Nc6
9.Qxb6 axb6 10.Nd4 e5 11.Nxc6 exf4 12.Nd4 Nd5 13.g3 Ne3 14.Bh3 Bc5 15.Kd2 g5
16.Nb5 Kd8 17.b4 Be7 18.a3 h5 19.Kd3 Re8 20.gxf4 gxf4 21.Rc1 Bf8 22.Ra1 Re5
23.Nd4 b5 24.Bf1 Bh6 25.Nh3 d6 26.Nf2 Bf5+ 27.Kd2 Bg6 28.Nd3 Rd5 29.Nc2 Rc8
30.Bh3 Rc7 31.Nd4 Rxd4 32.cxd4 Rc2+ 33.Ke1 Bxd3 34.exd3 Bg5  0-1

[Event "ch-BEL"]
[Site "Westerlo BEL"]
[Date "2004.07.11"]
[Round "9"]
[White "Hautot,S"]
[Black "Meessen,R"]
[Result "0-1"]
[WhiteElo "2336"]
[BlackElo "2293"]

1.d4 Nf6 2.Bg5 Ne4 3.Bf4 c5 4.d5 Qb6 5.Nd2 Qxb2 6.Nxe4 Qb4+ 7.Qd2 Qxe4 8.e3 Qb4
9.c3 Qa5 10.d6 Nc6 11.Nf3 g6 12.Rc1 Bg7 13.e4 O-O 14.h4 Qa4 15.Bd3 h5 16.Bh6 exd6
17.Bxg7 Kxg7 18.Bb1 Qc4 19.Qxd6 b6 20.Nd2 Qe6 21.Qg3 Ba6 22.Qe3 Ne5 23.f3 d5
24.Kf2 dxe4 25.Nxe4 Rae8 26.Rhe1 f5 27.Ng5 Qc4 28.Kg1 Qxh4 29.Qd2 Bc8 30.f4 Nf7
31.Nxf7 Rxe1+ 32.Rxe1 Rxf7 33.Bc2 Bb7 34.Bb3 Re7 35.Re3 Qf6 36.Qe2 Kf8 37.Qd2 Rxe3
38.Qxe3 Qc6 39.Qd2 c4 40.Bc2 Qd5 41.Qf2 Qd6 42.Qe3 Bc6 43.Kh1 Kf7 44.Kg1 Qe6
45.Qd2 Qd5 46.Qf2 Ke7 47.Kh2 Kd7 48.Qe2 Qe6 49.Qd2+ Qd6 50.Qe3 Kc7 51.Kg1 h4
52.Kf1 Kb7 53.Kg1 Ka6 54.Qf2 h3 55.gxh3 Qd5 56.Kf1 Qh1+ 57.Ke2 Qxh3 58.Qd4 Qg2+
59.Kd1 Qd5 60.Qxd5 Bxd5 61.Kc1 Ka5 62.Kd2 Kb5 63.Ke3 Kc5 64.Kd2 Be4 65.Bd1 b5
66.a3 a5 67.Kc1 b4 68.axb4+ axb4 69.Ba4 bxc3  0-1